| 000 | 01117cam a2200241 a 4500 | ||
|---|---|---|---|
| 001 | 000651593 | ||
| 003 | AM-YeHGA | ||
| 005 | 20250617153726.0 | ||
| 008 | 090417s1960 ai | |||||||||||||rus|d | ||
| 040 | _aAM-YeHGA | ||
| 041 | 0 | _arus | |
| 100 | 1 | _aКарпенко, Александр Николаевич | |
| 245 | 1 | 0 |
_aСельскохозяйственные машины и орудия / _cА.Н. Карпенко, К.А. Полевицкий. |
| 250 | _a4-ое изд, перераб. и дополн. | ||
| 260 |
_aМосква : _bСельхозгиз, _c1960. |
||
| 300 |
_a470 с. : _bтабл., 4 вкл. л. рис. ; _c26 см. |
||
| 440 | 0 | _aУчебники и учебные пособия для сельскохозяйственных техникумов | |
| 504 | _aБиблиогр. в подстроч. примеч. | ||
| 650 | 1 | 4 | _aСельскохозяйственные машины и орудия |
| 650 | 1 | 4 | _aМеханизация сельского хозяйства |
| 700 | 1 | _aПолевицкий, Константин Александрович | |
| 090 | _c398891 | ||
| 999 |
_c396808 _d396808 |
||